000 00292nam a2200121Ia 4500
008 191201s2002 xx 000 0 und d
100 _aFAVRO, Brain
245 0 _aOffice XP Comprehensive Course
260 _aN.Delhi
_bShroff
_c2002
300 _a1170
650 _aB.Tech(IT)
942 _2ddc
_cBK
999 _c3122
_d3122